00366nam a2200157Ia 4500003000400000005001700004008004100021040000700062041000800069082001600077100002100093245002300114260003900137300000900176650002300185OSt20260508111354.0250729s2007 xx 000 0 und d cAL aeng a001.51 KONC aDr.N.B.Kongawada aComputer education aGadagbVidyanidhi Prakashanac2007 a222p aComputer Education